000 01284cam a22003617a 4500
003 CHAP
005 20220329141254.0
008 971010s1986 r 00010 d
010 _a65538
011 _a66510
035 _a74739
040 _cCHAP
082 _a631.82
_bL6y
100 0 0 _aLoué, André.
_968622
245 1 4 _aLos microelementos en agricultura
260 _aMadrid :
_bMundi-Prensa,
_c1986
300 _a354 p.
_b: ilus.
590 _aBATCH-UPD
_b10
_c20130110
_lUCH01
_h0516
590 _aBATCH-UPD
_b10
_c20130410
_lUCH01
_h0155
590 _aBATCH-UPD
_b10
_c20130914
_lUCH01
_h1256
590 _aCONVERSION
_b10
_c20130109
_lUCH01
_h1336
650 1 4 _aElementos menores.
_936257
650 1 4 _aPlantas
_xElementos menores.
_988822
650 1 4 _aSuelos
_xElementos minerales.
_9110356
901 _aBK
942 _cLIBRO
949 _a631.82 L6y
_bBC
_cLIBRO
_d33724000893277
_eLIBRO
_gI.145725
_h75665
_i74739
_si
949 _a631.82 L6Y
_bF
_cLIBRO
_d-61608
_eLIBRO
_fc.2
_h2925
_i74739
_si
949 _a631.82 L6Y
_bF
_cLIBRO
_d-61609
_eLIBRO
_fc.3
_h2926
_i74739
_si
949 _a631.82 L6Y
_bF
_cLIBRO
_d-61610
_eLIBRO
_fc.4
_h2927
_i74739
_si
949 _a631.82 L6Y
_bF
_cLIBRO
_d-6821
_eLIBRO
_h2924
_i74739
_si
949 _a631.82 L6y
_bS
_cLIBRO
_d-7637
_eLIBRO
_h3734
_i74739
_si
_t191.00
999 _c65538
_d65538